000 00579nam a2200193Ia 4500
005 20250923145339.0
008 008 250917s9999 xx 000 0 eng d
037 _aTextual
040 _aDSWL
_beng
_cDSWL
041 _aeng
_2eng
084 _an2,N53, N76
_qDSWL
245 0 _aIndia, A reference annual 1926
_c by Ministry of Information & Broadcasting,India
260 _aNew Delhi
_b Publication Division
_c1976
300 _aviii,488,72p.
365 _aINR
_b18 . 0
925 _g18 . 0
942 _cTEXL
_hn2,N53, N76
999 _c1450274
_d1450274